Culture Générale - Série 2380 - Statistiques

Statistiques générales
  • Ce quiz a été pris 98 fois
  • Le résultat moyen est 4 sur 10
Statistiques - réponses
Question Réponse % Correct
Quelle commune de la région Nouvelle-Aquitaine est réputée pour son piment ? Espelette
89%
Dans quelle ville alsacienne peut-on se promener dans le quartier pittoresque "La petite Venise" ? Colmar
70%
Dans quelle ville alsacienne se trouve le musée automobile des frères Schlumpf ? Mulhouse
53%
Quelle actrice opère une très sensuelle sortie des flots en bikini dans James Bond contre Dr. No ? prénom et nom - voir photo Ursula Andress
48%
Quel écrivain britannique est le père de James Bond ? prénom et nom Ian Fleming
46%
Dans quelle ville de la région Bourgogne est né le footballeur Antoine Griezmann en 1991 ? Mâcon
37%
Dans quel département le sinistre tueur en série Émile Louis a-t-il commis ses crimes ? Yonne
29%
Quel est le nom de l'organisation terroriste contre laquelle 007 lutte dans plusieurs épisodes ? spectre
25%
Quel "mousquetaire" (1898-1994) était surnommé le Basque bondissant ? prénom et nom Jean Borotra
14%
Dans quelle commune de Bourgogne se trouve le restaurant triplement étoilé du défunt chef Bernard Loiseau ? Saulieu
13%
Aucun quiz correspondant
Distribution des résultats
% des personnes avec chaque résultat
Percentile par nombre de réponses
Votre historique - résultats
Vous n’avez pas pris ce quiz